| 000 | 00809nam a2200229Ia 4500 | ||
|---|---|---|---|
| 005 | 20250508163841.0 | ||
| 008 | 008 250505s9999 xx 000 0 eng d | ||
| 020 | _a0-7914-3754-X | ||
| 037 | _aReference | ||
| 040 |
_aFEDL _beng _cFEDL |
||
| 041 |
_aeng _2eng |
||
| 084 |
_a371.829, Zou _qFEDL |
||
| 100 |
_aZou Yali Ed. _9458221 |
||
| 245 | 0 | _aEthnic identity and power : Cultural contexts of political action in school and society | |
| 260 |
_aNew York, USA _bState University of New York Press _c1998 |
||
| 300 | _axiv,452p. | ||
| 365 |
_aGBP _b15.5 |
||
| 650 |
_aEthnicity - Cross-cultural studies; Critical pedagogy-cross cultural studies; Education - Minorities _9776551 |
||
| 700 |
_a Trueba Enrique T. Ed. _9776552 |
||
| 942 |
_cREF _h371.829, Zou |
||
| 999 |
_c1385601 _d1385601 |
||